000 00724nam a2200241 4500
001 143737
003 ES-MaACL
005 20250804062747.0
007 t|
008 070214s1982 it r ||||1| ita d
100 1 _aSeverino, Emanuele.
_9105922
245 1 0 _aEssenza del nichilismo /
_cEmanuele Severino.
250 _aNuova ed. ampl.
260 _aMilano :
_bAdelphi,
_c1982.
300 _a442 p. ;
_c24 cm.
490 1 _aScritti di Emanuele Severino ;
_v2
650 7 _9136595
_aNihilismo
650 7 _aFilosofĂ­a
_2embne
_912802
830 0 _aScritti di Emanuele Severino ;
_v2
_9220599
852 _aES-MaACL
_bR.115569
_9148928
_cDEPO2
_jL-13233
942 _2udc
_cMONOGRAFIA
999 _c143737
_d143737